Score 0/60 Timer 10:00
0 Plays Today
Year/Genre Movie % Correct
Action: 1999The Matrix
94%
Action: 1984The Terminator
90.7%
Comedy: 1993Groundhog Day
85.2%
Fantasy: 1939The Wizard of Oz
81.3%
Biopic: 1982Gandhi
80.6%
Animation: 1941Dumbo
80.6%
Adventure: 1981Raiders of the Lost Ark
79.6%
Biopic: 2008Milk
79.5%
Action: 1986Aliens
79.3%
Musical: 1978Grease
77%
Romance: 1997Titanic
76.7%
Comedy: 1970M*A*S*H
75.5%
Superhero: 1989Batman
74.8%
Animation: 1997Hercules
74.7%
War: 1998Saving Private Ryan
73%
Crime: 1994Pulp Fiction
72.5%
Courtroom: 195712 Angry Men
70.1%
Spy: 1996Mission: Impossible
69.2%
Superhero: 2012The Avengers
68.4%
Crime: 1983Scarface
66.6%
Musical: 2012Les Miserables
66.2%
Adventure: 1959North by Northwest
65.4%
Crime: 1990Goodfellas
65.4%
Romance: 1942Casablanca
65.2%
Spy: 2006Casino Royale
62.9%
Mystery: 2010Shutter Island
61.8%
Biopic: 1962Lawrence of Arabia
61.2%
Superhero: 2000X-Men
59.3%
Thriller: 1991The Silence of the Lambs
57.4%
Drama: 2004Crash
56.5%
Year/Genre Movie % Correct
War: 1979Apocalypse Now
54.2%
Fantasy: 2006Pan's Labyrinth
48.5%
Western: 1966The Good, the Bad, and the Ugly
45.7%
Comedy: 2005Wedding Crashers
45.6%
Western: 1992Unforgiven
45%
Musical: 2001Moulin Rouge!
44.8%
Mystery: 1958Vertigo
43.3%
Courtroom: 1996A Time to Kill
39.9%
Horror: 1922Nosferatu
38.5%
Fantasy: 1985Brazil
33.5%
Thriller: 1971The French Connection
30.6%
Western: 1952High Noon
29.4%
Drama: 1950All About Eve
23.7%
Romance: 1995Before Sunrise
23.4%
Horror: 2005The Descent
22.2%
Courtroom: 1961Judgment at Nuremberg
21.8%
Drama: 1957The Seventh Seal
21.6%
Film-Noir: 1949The Third Man
21.4%
War: 1927Wings
21.4%
Film-Noir: 1944Double Indemnity
21.1%
Silent: 1925Battleship Potemkin
20.3%
Silent: 1931City Lights
19.5%
Silent: 1926The General
14.4%
Spy: 1935The 39 Steps
14.1%
Animation: 1988Grave of the Fireflies
13.4%
Film-Noir: 1958Touch of Evil
11.6%
Mystery: 1972Sleuth
11.1%
Thriller: 1998A Simple Plan
10.3%
Horror: 1977Suspiria
8.1%
Adventure: 1953The Wages of Fear
5%
Remove Ads.
Support Sporcle.
Get the best of Sporcle when you Go Orange. This ad-free experience offers more features, more stats, and more fun while also helping to support Sporcle. Thank you for becoming a member.

You're not logged in!

Compare scores with friends on all Sporcle quizzes.
OR
Log In

Show Comments

Extras

Top Quizzes Today


Score Distribution

Your Account Isn't Verified!

In order to create a playlist on Sporcle, you need to verify the email address you used during registration. Go to your Sporcle Settings to finish the process.

Report this User

Report this user for behavior that violates our Community Guidelines.

Details: